000 01350nam1a2200301 i 4500
001 RU\NLR\bibl\799966
005 20260405082422.0
035 _a(NLR Aleph) 000789145
090 _a1110577
_c1110577
100 _a20050517g20049999u y0rusy50 ca
101 0 _arus
102 _aRU
105 _aa |||||||||
200 1 _aИнженерные расчеты при разработке нефтяных месторождений
_e[в 4 томах]
_fВ.Н. Артемьев, Г.З. Ибрагимов, А.И. Иванов
_gпод ред. И.Т. Мищенко
210 _aМосква
_cНефтегазтехнология АЛ
_d2004
215 _d23
463 0 _1001736803
606 1 _aНефть
_xДобыча
_xГазогидродинамические методы
_92273555
_3RU\NLR\auth\661362591
686 _aИ361-64
700 1 _aАртемьев
_bВ. Н.
_gВиктор Николаевич
_4070
701 1 _aИбрагимов
_bГ. З.
_gГабдрауф Закирович
_4070
701 1 _4070
_8rus
_7ca
_aИванов
_bА. И.
_cканд. геол.-минерал. наук
_gАлександр Изосимович
_3RU\NLR\auth\7729098
_912127
801 0 _aRU
_bNLR
_c20050517
_grcr
801 1 _aRU
_bNLR
_c20050517
830 _aАвт. по кн.
852 _aNLR
_j2005-5/1519
942 _cBOOK